IELTS graduation : Study skills
IELTS Graduation Study Skills is an easy-to-use, self-study book for students preparing to take the International English Language Testing System examination. Features of this IELTS Graduation book are consisted of sections and exams preparing for the listening, reading, writing and speaking skills...
Guardado en:
| Autor principal: | |
|---|---|
| Formato: | Libro |
| Lenguaje: | Undetermined |
| Publicado: |
Oxford, UK
Macmillan publisher limited
2007
|
| Materias: | |
| Etiquetas: |
Agregar Etiqueta
Sin Etiquetas, Sea el primero en etiquetar este registro!
|
| Thư viện lưu trữ: | Trung tâm Học liệu Trường Đại học Cần Thơ |
|---|
| LEADER | 00951nam a2200217Ia 4500 | ||
|---|---|---|---|
| 001 | CTU_133083 | ||
| 008 | 210402s9999 xx 000 0 und d | ||
| 020 | |c 173000 | ||
| 082 | |a 428.0076 | ||
| 082 | |b M385 | ||
| 100 | |a Martineau, Charlie | ||
| 245 | 0 | |a IELTS graduation : | |
| 245 | 0 | |b Study skills | |
| 245 | 0 | |c Charlie Martineau, Jane Short | |
| 260 | |a Oxford, UK | ||
| 260 | |b Macmillan publisher limited | ||
| 260 | |c 2007 | ||
| 520 | |a IELTS Graduation Study Skills is an easy-to-use, self-study book for students preparing to take the International English Language Testing System examination. Features of this IELTS Graduation book are consisted of sections and exams preparing for the listening, reading, writing and speaking skills with an Audio CD and listening scripts included. | ||
| 650 | |a English language,Ngôn ngữ tiếng Anh | ||
| 904 | |i Trọng Hiếu | ||
| 980 | |a Trung tâm Học liệu Trường Đại học Cần Thơ | ||